000 00602nam a2200181Ia 4500
005 20250508160148.0
008 008 250505s9999 xx 000 0 eng d
037 _aTextual
040 _aFEDL
_beng
_cFEDL
041 _aeng
_2eng
084 _a371.32, NCE
_qFEDL
100 _aKhanna Adarsh
_9150802
245 0 _aPreparation and evaluation of textbooks in social studies : Some principles and procedures
260 _aNew Delhi, India
_bNational Council of Educational Research and Training
_c1970
300 _av,100p.
942 _cTEXL
_h371.32, NCE
999 _c1362330
_d1362330